| 000 | 01357cam a22003737a 4500 | ||
|---|---|---|---|
| 001 | 18203029 | ||
| 003 | NUST-PNEC | ||
| 005 | 20170116180654.0 | ||
| 008 | 140627r20062001njua b 001 0 eng d | ||
| 010 | _a 2014412588 | ||
| 020 | _a1891121499 | ||
| 020 | _a9781891121494 | ||
| 035 | _a(OCoLC)ocm64573423 | ||
| 040 |
_aTEF _cTEF _dBAKER _dYDXCP _dOCLCQ _dBTCTA _dOCLCF _dDLC |
||
| 041 | 1 |
_aeng _hita |
|
| 042 | _alccopycat | ||
| 050 | 0 | 0 |
_aUG485 _b.N4713 2006 |
| 082 | 0 | 4 | _a621.381 NER |
| 100 | 1 | _aNeri, Filippo. | |
| 240 | 1 | 0 |
_aIntroduzione ai sistemi di difesa elettronica. _lEnglish |
| 245 | 1 | 0 |
_aIntroduction to electronic defense systems / _cFilippo Neri. |
| 250 | _a2nd ed. | ||
| 260 |
_aEdison, NJ : _bSciTech Pub., _cc2006. |
||
| 300 |
_axix, 622 p. : _bill. ; _c23 cm. |
||
| 490 | 1 | _aArtech House radar library | |
| 500 | _aIncludes reprinting of original Artech House title page. | ||
| 500 | _a"This is the SciTech corrected and reprinted softcover version of the second edition published by Artech House"--T.p. verso. | ||
| 504 | _aIncludes bibliographical references and index. | ||
| 650 | 0 |
_aElectronics in military engineering. _xEL |
|
| 830 | 0 | _aArtech House radar library. | |
| 906 |
_a7 _bcbc _ccopycat _d2 _encip _f20 _gy-gencatlg |
||
| 942 |
_2ddc _cBK |
||
| 999 |
_c60338 _d60338 |
||